000 00786 a2200241 4500
005 20251203153414.0
008 251203b |||||||| |||| 00| 0 eng d
020 _a978-1-032683836 (pbk)
037 _cTB
040 _aCRL
_cCRL
041 _2ENG
_aENG
084 _aY48:(S) R5
_qCRL
100 _aDamone, Michele
_9821974
245 _aLeadeship coaching with horses:
_bPower of psychometrics and biofeedback
260 _aLondon, USA:
_bRoutledge:
_c2025.
300 _axi;153p.
365 _b24.99
_cUKP
650 _aLeadership
_9854269
650 _aPsychology
_9854270
650 _aSociology
_9854271
942 _cTB
_2CC
_n0
_hY48:(S) R5
999 _c1435811
_d1435811